00635nam a2200169 a 4500008004100000020001500041050001600056100001900072245001600091246004800107260003700155300002200192350000900214995009300223999001700316952013200333120416s2003 ||||||||||||||||| || u a187910279X aG 70.3 O'lo aO'Looney, John10aBeyond maps aGIS and decision making in local government aRedlands, CaliforniabESRIc2003 avii, 225p. : ill. a0.00 D0.00FCBU-MAIN LIBRARY (Kitwe)H1I39.95UAVAILABLEZMain Library Open Access Collection c35797d35797 00102lcc4070a001b001cMain Library Open Access Collectiond2022-11-30l0oG 70.3 O'lop040037r2022-11-30w2022-11-30y002